| 000 | 00968cam a2200229 i 4500 | ||
|---|---|---|---|
| 003 | SA-RiAUC | ||
| 005 | 20251230100952.0 | ||
| 008 | 251119s1936 ua g 000 p ara c | ||
| 040 |
_aSA-JeALM _bara _cSA-RiAUC _erda |
||
| 082 | 0 | 4 | _a811.062 |
| 090 |
_a811.062 _bح ب ش |
||
| 100 | 1 |
_aالحبشي، علي بن محمد بن حسين، _d1259-1333 هجري _eمؤلف. |
|
| 245 | 1 | 0 |
_aسمط الدرر في أخبار مولد خير البشر وما له من أخلاق وأوصاف وسير / _cتأليف علي بن محمد بن حسين بن عبد الله بن شيخ الحبشي. |
| 264 | 1 |
_aالقاهرة : _bمصطفى البابي الحلبي، _c1979 |
|
| 300 |
_a116 صفحة؛ _c9 سم. |
||
| 336 |
_aنص _btxt _2rdacontent _3كتاب |
||
| 337 |
_aبدون وسيط _bn _2rdamedia |
||
| 338 |
_aمجلد _bnc _2rdacarrier |
||
| 650 | 7 |
_aالشعر الديني _2aucsh |
|
| 942 |
_2ddc _cBOOK _n0 |
||
| 949 |
_aSA-JeALM _d251119 _umohamedma123 _n1 |
||
| 999 |
_c13855 _d13855 |
||